|
|
|
|
| LEADER |
00000nam0a2200000 4500 |
| 001 |
93173 |
| 005 |
20231031105056.0 |
| 035 |
|
|
|a (RuTPU)RU\TPU\book\99781
|
| 090 |
|
|
|a 93173
|
| 100 |
|
|
|a 20060327d1956 km y0rusy50 ca
|
| 101 |
0 |
|
|a rus
|
| 102 |
|
|
|a RU
|
| 105 |
|
|
|a a z 001zy
|
| 200 |
1 |
|
|a Применение радиоактивных изотопов в металлургии
|f И. С. Куликов, И. А. Попов
|g под ред. Н. В. Агеева; В. Ф. Смирнова
|
| 210 |
|
|
|a Москва
|c Металлургиздат
|d 1956
|
| 215 |
|
|
|a 260 с.
|c ил.
|
| 320 |
|
|
|a Библиогр.: с. 257-259
|
| 610 |
1 |
|
|a металлургия
|
| 610 |
1 |
|
|a радиоактивные изотопы
|
| 610 |
1 |
|
|a применение
|
| 610 |
1 |
|
|a радиоактивность
|
| 610 |
1 |
|
|a измерение
|
| 610 |
1 |
|
|a счетчик Гейгера-Мюллера
|
| 610 |
1 |
|
|a исследования
|
| 610 |
1 |
|
|a техника безопасности
|
| 675 |
|
|
|a 621.7
|v 3
|
| 675 |
|
|
|a 539
|v 3
|
| 700 |
|
1 |
|a Куликов
|b И. С.
|g Иван Степанович
|
| 701 |
|
1 |
|a Попов
|b И. А.
|g Иван Алексеевич
|
| 702 |
|
1 |
|a Агеев
|b Н. В.
|4 340
|
| 702 |
|
1 |
|a Смирнов
|b В. Ф.
|4 340
|
| 801 |
|
1 |
|a RU
|b 63413507
|c 20060327
|g PSBO
|
| 801 |
|
2 |
|a RU
|b 63413507
|c 20210608
|g PSBO
|
| 942 |
|
|
|c BK
|